000
00299nam a22001337a 4500
008
180118b xxu||||| |||| 00| 0 eng d
020
_a
9780130501974
041
_a
eng
080
_a
82
100
_a
24
101
_a
21
245
_a
TWENTIETH CENTURY AMERICAN DRAMA
_c
HALL,P
942
_2
udc
_c
BK
999
_c
40517
_d
40517